| 000 | 00970nam a22002775 4500 | ||
|---|---|---|---|
| 001 | 191490 | ||
| 003 | SpMaBN | ||
| 005 | 20250727150806.0 | ||
| 008 | 220926s1991 sp | |||| ||spa | ||
| 016 | 7 |
_abimoBNE19921897858 [ _2SpMaBN] |
|
| 017 |
_aM 20157-1991 _bOficina Depósito Legal Madrid |
||
| 020 | _a84-86688-53-1 | ||
| 035 | _a(OCoLC)434542143 | ||
| 040 |
_aSpMaBN _bspa _cSpMaBN _erdc |
||
| 080 | _a025.45 CDU (083.74) | ||
| 245 | 0 | 0 |
_aCDU : _bClasificación Decimal Universal. |
| 250 | _aEd. abreviada española, 6ª ed. rev. y act. | ||
| 260 |
_aMadrid : _bAENOR, _c1991. |
||
| 300 |
_a462 p. ; _c31 cm + _e1 h. |
||
| 500 | _a"FID Núm. 694, UNE 50-001, 4ª revisión" | ||
| 650 | 7 |
_aClasificación decimal universal _2embne _9164660 |
|
| 710 | 2 |
_aAsociación Española de Normalización y Certificación. _9175273 |
|
| 852 |
_aES-MaACL _jA-15153 _9198708 _cDEPO1 _dOlim: 025.45 CDU (1991) |
||
| 942 | _2udc | ||
| 999 |
_c191490 _d191490 |
||